Středověká nástěnná malba ve středních Čechách /

Hlavní autor: Všetečková, Zuzana, 1949-
Jazyk: Čeština
Vydáno: Praha : Památkový ústav středních Čech, 1999
Témata:
Externí odkaz: Digitalizovaný dokument
Fyzický popis: 212 s. : il. ; 30 cm
Knihy
Uloženo v:
LEADER 01665nam a2200433 a 4500
001 000473031
003 CZ BrMZK
005 20210127124642.0
007 ta
008 000115s1999 xr e c 0 cze d
015 |a cnb000966659 
035 |a (OCoLC)45680354 
040 |a BOA001  |b cze 
043 |a e-xr---  |b e-xr-cc  |2 czenas 
045 |a p-s- 
072 7 |a 75  |x Malířství  |2 Konspekt  |9 21 
080 |a 75(437.3)  |2 MRF 
080 |a 75.033  |2 MRF 
080 |a 75.052  |2 MRF 
080 |a (437.31-191.2)  |2 MRF 
080 |a (083.82)  |2 MRF 
080 |a (048.8)  |2 MRF 
100 1 |a Všetečková, Zuzana,  |d 1949-  |7 jn20001227088  |4 aut 
245 1 0 |a Středověká nástěnná malba ve středních Čechách /  |c Zuzana Všetečková. 
260 |a Praha :  |b Památkový ústav středních Čech,  |c 1999 
300 |a 212 s. :  |b il. ;  |c 30 cm 
500 |a Samost. příl. k čas.: Průzkumy památek, roč. 6, 1999. - Bibliogr. - Souhrn něm. 
648 7 |a 12.-15. století  |7 ch757066 
650 0 7 |a české malířství  |7 ph116864  |y 12.-15. století  |2 czenas 
650 0 7 |a středověké malířství  |7 ph115810  |z Česko  |2 czenas 
650 0 7 |a nástěnná malba  |7 ph115508  |z Česko  |y 12.-15. století  |2 czenas 
651 7 |a Čechy střední (Česko)  |7 ge131654  |2 czenas 
655 7 |a katalogy  |7 fd132535  |2 czenas 
655 7 |a monografie  |7 fd132842  |2 czenas 
772 0 |t Průzkumy památek 
856 4 1 |u http://www.digitalniknihovna.cz/mzk/uuid/uuid:d0b9b080-b139-11e4-a7a2-005056827e51  |y Digitalizovaný dokument  |x NDK 
910 |a BOA001  |b 4-1071.428 
990 |a BK 
996 6 |b 2610111897  |c 4-1071.428  |l MZK  |r Sklad / do 1 hodiny  |n 9  |p p.v.  |w 000473031  |u 000010  |a 1  |e BOA001  |j MZK50  |s P